| 000 | 00709ntaaa2200265 4500 | ||
|---|---|---|---|
| 003 | 01 | ||
| 005 | 20251027200913.0 | ||
| 008 | 0714s1973 ag 01 | ||
| 040 |
_aAR-BaBN _bspa _cAR-BaBN _eaacr _dRIC |
||
| 082 | _a270.6 L71 | ||
| 100 |
_aLittell, Franklin H. _95723 |
||
| 245 |
_aReformation studies / _cFranklin H. Littell |
||
| 250 | _a1 ed. | ||
| 260 |
_as/l : _bJ. Knox Press, _c1962 |
||
| 300 | _a285 p | ||
| 650 |
_aEscatologia _91720 |
||
| 650 |
_aReforma _95724 |
||
| 650 |
_aProtestantismo _9315 |
||
| 650 |
_aAnglicanismo _95725 |
||
| 650 |
_aAnabautistas _95726 |
||
| 650 |
_aLibertad Religiosa _95727 |
||
| 650 |
_aEleccion-Teologia _95728 |
||
| 650 |
_aIglesia Primitiva _91875 |
||
| 942 | _cBK | ||
| 999 |
_c3025 _d3025 |
||